000 00776nam a22002417a 4500
003 UA-OsUOA
001 53453
007 ta
008 20151022b un ||||| |||| 00| 0 ukr d
100 _aБайєр М.
090 _a09.-82-92
_bБ18
942 _cBR
040 _aUA-OsUOA
_bukr
_cUA-OsUOA
_dUA-OsUOA
245 _aПричини аграрної революції на Україні і шляхи до розвязання аграрної справи
300 _a24 с.
955 _a4
041 _aukr
080 _a09.-82-92
260 _aК.; Відень
_c1920
650 7 _a0 Загальний відділ.
_2UDC
999 _c433571
_d433571